000 00294nam a2200109Ia 4500
008 200302s9999 xx 000 0 und d
100 _aJacob Fruchtbaum
245 _aBulk Materials Handling Handbook
260 _bC BC Publishers and Distributors Pvt., Ltd.,
260 _c1988
300 _a488 P.,
999 _c3840
_d3840